000 00291nam a2200097Ia 4500
008 240331s9999 xx 000 0 und d
082 _bREA
100 _aThe reader's digest great encyclopaedic dictionary. ed
245 4 _aThe reader's digest great encyclopaedic dictionary :
_bvol.3
942 _cL
999 _c3274
_d3274